000 00497nam a2200193Ia 4500
003 GCL
008 140319s9999 xx 000 0 eng d
040 _aGCL /
_cGCL
082 0 4 _a546
_bS I
100 1 _aATKINS, P. W.
245 1 0 _aINORGANIC CHEMISTRY /
_cATKINS, P. W.
700 1 _aSHRIVER, D. F.
700 1 _aLANGFORD, C. H.
260 _a[S.N] :
_bELBS OXFORD UNIVERSITY PRESS ،
_c1994
300 _a818\P
650 0 4 _aCHEMISTRY
650 0 4 _aINORGANIC CHEMISTRY
942 _2ddc
_cBK
999 _c20015
_d20015